000 00270nam a22001217a 4500
008 180927b xxu||||| |||| 00| 0 eng d
041 _aeng
080 _a330
100 _a52
101 _aMBE
245 _aEconomic/ Hedonic Damages
_cBrookshire, M.L
942 _2udc
_cBK
999 _c48589
_d48589